[Event "GBR-ch90"]
[Site "Edinburgh"]
[Date "2003.07.26"]
[Round "6.4"]
[White "Summerscale, Aaron"]
[Black "Motwani, Paul"]
[Result "0-1"]
[WhiteElo "2492"]
[BlackElo "2525"]
[PlyCount "77"]
[EventDate "2003.07.21"]
[EventType "swiss"]
[EventRounds "11"]
[EventCountry "GBR"]
[SourceTitle "BritBase"]
[Source "John Saunders"]
[SourceDate "2008.07.14"]
[SourceVersion "1"]
[SourceVersionDate "2008.07.14"]
[SourceQuality "2"]

1. Nf3 Nf6 2. c4 b6 3. g3 Bb7 4. Bg2 e6 5. O-O Be7 6. d4 O-O 7. Nc3 Na6 8. d5
Bb4 9. Nd4 Bxc3 10. bxc3 exd5 11. Nf5 Re8 12. cxd5 Ne4 13. Bxe4 Rxe4 14. f3 Re5
15. e4 Qf6 16. g4 Nc5 17. Qd4 d6 18. Bf4 Rae8 19. Bxe5 dxe5 20. Qe3 Ba6 21.
Rfd1 Bc8 22. Ng3 g6 23. Kg2 Qh4 24. Rd2 Bd7 25. Rf2 Kh8 26. Rd1 h6 27. Rdd2 Kh7
28. f4 Bxg4 29. fxe5 Kg8 30. Kg1 Bh3 31. Rf4 Qg5 32. Qf2 h5 33. Rxf7 Nxe4 34.
Qd4 Nxg3 35. hxg3 Qxg3+ 36. Kh1 Kxf7 37. Rf2+ Kg8 38. e6 Bf5 39. Rg2 0-1

[Event "GBR-ch90"]
[Site "Edinburgh"]
[Date "2003.07.26"]
[Round "6.6"]
[White "Al Rakib, Abdullah"]
[Black "Rowson, Jonathan"]
[Result "0-1"]
[WhiteElo "2387"]
[BlackElo "2536"]
[PlyCount "50"]
[EventDate "2003.07.21"]
[EventType "swiss"]
[EventRounds "11"]
[EventCountry "GBR"]
[SourceTitle "BritBase"]
[Source "John Saunders"]
[SourceDate "2008.07.14"]
[SourceVersion "1"]
[SourceVersionDate "2008.07.14"]
[SourceQuality "2"]

1. d4 Nf6 2. c4 g6 3. Nc3 d5 4. cxd5 Nxd5 5. Bd2 Bg7 6. e4 Nb6 7. Be3 O-O 8.
Be2 Nc6 9. Nf3 Bg4 10. d5 Bxf3 11. Bxf3 Ne5 12. Be2 Nec4 13. Bc1 Rc8 14. a4 Na5
15. O-O c6 16. Ra3 cxd5 17. Nxd5 e6 18. Nxb6 Qxb6 19. Rd3 Bxb2 20. Be3 Qb4 21.
Bxa7 b6 22. Qd2 Bc3 23. Qa2 Bb2 24. Rd7 Rfd8 25. Rxd8+ Rxd8 0-1

[Event "GBR-ch90"]
[Site "Edinburgh"]
[Date "2003.07.26"]
[Round "6.7"]
[White "Arakhamia-Grant, Ketevan"]
[Black "Pert, Nicholas"]
[Result "1-0"]
[WhiteElo "2408"]
[BlackElo "2483"]
[PlyCount "121"]
[EventDate "2003.07.21"]
[EventType "swiss"]
[EventRounds "11"]
[EventCountry "GBR"]
[SourceTitle "BritBase"]
[Source "John Saunders"]
[SourceDate "2008.07.14"]
[SourceVersion "1"]
[SourceVersionDate "2008.07.14"]
[SourceQuality "2"]

1. e4 c5 2. Nf3 Nc6 3. d4 cxd4 4. Nxd4 Nf6 5. Nc3 e5 6. Ndb5 d6 7. Bg5 a6 8.
Na3 b5 9. Bxf6 gxf6 10. Nd5 f5 11. Bd3 Be6 12. O-O Bg7 13. Qh5 f4 14. c4 b4 15.
Nc2 Rb8 16. Be2 h6 17. Bg4 Qg5 18. Nc7+ Ke7 19. Nd5+ Kd8 20. h3 a5 21. b3 f5
22. Qxg5+ hxg5 23. Bxf5 Bxf5 24. exf5 Rh6 25. Rad1 Kd7 26. f3 Rf8 27. c5 Rxf5
28. cxd6 Nd4 29. Nb6+ Kxd6 30. Nc4+ Ke7 31. Rd2 Rf8 32. Re1 Nc6 33. Red1 Kf7
34. Rd5 Kg8 35. Nxa5 Ne7 36. Rd7 Nf5 37. Nxb4 e4 38. fxe4 Ng3 39. Nac6 Nxe4 40.
Rd8 Nc3 41. R1d6 Rxd8 42. Rxd8+ Kh7 43. a4 Re6 44. a5 Re1+ 45. Kf2 Re3 46. Nd3
Bf6 47. Rd7+ Kh6 48. a6 Ne4+ 49. Kf1 Ng3+ 50. Kf2 Ne4+ 51. Kf1 Ng3+ 52. Kg1 Re2
53. a7 Ra2 54. Nf2 Ra1+ 55. Rd1 Ra2 56. b4 Bg7 57. Na5 Ne2+ 58. Kf1 Ng3+ 59.
Kg1 Ne2+ 60. Kh2 f3 61. Ng4+ 1-0

[Event "GBR-ch90"]
[Site "Edinburgh"]
[Date "2003.07.26"]
[Round "6.8"]
[White "Wells, Peter K"]
[Black "Hunt, Adam C"]
[Result "1-0"]
[WhiteElo "2481"]
[BlackElo "2395"]
[PlyCount "79"]
[EventDate "2003.07.21"]
[EventType "swiss"]
[EventRounds "11"]
[EventCountry "GBR"]
[SourceTitle "BritBase"]
[Source "John Saunders"]
[SourceDate "2008.07.14"]
[SourceVersion "1"]
[SourceVersionDate "2008.07.14"]
[SourceQuality "2"]

1. d4 Nf6 2. c4 g6 3. Nc3 Bg7 4. e4 d6 5. Nf3 O-O 6. Be2 Na6 7. O-O e5 8. Be3
Ng4 9. Bg5 Qe8 10. dxe5 dxe5 11. h3 h6 12. Bd2 Nf6 13. Be3 Qe7 14. Nd5 Qd8 15.
Nxf6+ Qxf6 16. c5 Qc6 17. Qb1 f5 18. b4 Qxe4 19. Qb3+ Kh7 20. a3 c6 21. Rad1
Nc7 22. Bc4 a5 23. Rfe1 a4 24. Qa2 f4 25. Bd4 Qf5 26. Bxe5 Bxe5 27. Rxe5 Qf6
28. Rd6 Qg7 29. Qe2 Nd5 30. Bxd5 cxd5 31. Re7 Rf7 32. Rxf7 Qxf7 33. Rd8 b6 34.
cxb6 Bb7 35. Ne5 Qf6 36. Rd7+ Kg8 37. Rxb7 Re8 38. Qg4 Rxe5 39. Qc8+ Qf8 40.
Rb8 1-0

[Event "GBR-ch90"]
[Site "Edinburgh"]
[Date "2003.07.26"]
[Round "6.9"]
[White "McDonald, Neil R"]
[Black "Vijayalakshmi, Subbaraman"]
[Result "0-1"]
[WhiteElo "2384"]
[BlackElo "2435"]
[PlyCount "92"]
[EventDate "2003.07.21"]
[EventType "swiss"]
[EventRounds "11"]
[EventCountry "GBR"]
[SourceTitle "BritBase"]
[Source "John Saunders"]
[SourceDate "2008.07.14"]
[SourceVersion "1"]
[SourceVersionDate "2008.07.14"]
[SourceQuality "2"]

1. c4 Nf6 2. Nf3 e6 3. g3 d5 4. b3 Be7 5. Bg2 O-O 6. O-O c5 7. Bb2 Nc6 8. e3 b6
9. Qe2 Bb7 10. d3 Qc7 11. Nbd2 a5 12. a4 Rad8 13. Ne1 e5 14. f4 exf4 15. gxf4
Nb4 16. Rd1 Rfe8 17. Kh1 Nd7 18. cxd5 Nxd5 19. Bxd5 Bxd5+ 20. e4 Bf6 21. Nc4
Bb7 22. f5 Bxb2 23. Qxb2 Ne5 24. Nxe5 Qxe5 25. Qxe5 Rxe5 26. Nf3 Re7 27. Kg1 f6
28. Rd2 Ba6 29. Rfd1 Red7 30. Ne1 Rd4 31. Kf2 Rb4 32. d4 Rbxd4 33. Rxd4 cxd4
34. Nf3 Bb7 35. Nd2 Re8 36. Kf3 g6 37. fxg6 f5 38. gxh7+ Kxh7 39. Re1 fxe4+ 40.
Kf4 e3 41. Nc4 e2 42. Kg3 Ba6 43. Nd2 Rf8 44. Nf3 d3 45. Nd2 Bb7 46. Rc1 Bd5
0-1

[Event "GBR-ch90"]
[Site "Edinburgh"]
[Date "2003.07.26"]
[Round "6.11"]
[White "Lee, Graham D"]
[Black "Conquest, Stuart"]
[Result "0-1"]
[WhiteElo "2360"]
[BlackElo "2560"]
[PlyCount "62"]
[EventDate "2003.07.21"]
[EventType "swiss"]
[EventRounds "11"]
[EventCountry "GBR"]
[SourceTitle "BritBase"]
[Source "John Saunders"]
[SourceDate "2008.07.14"]
[SourceVersion "1"]
[SourceVersionDate "2008.07.14"]
[SourceQuality "2"]

1. e4 c6 2. d4 d5 3. e5 Bf5 4. Nc3 e6 5. g4 Bg6 6. Nge2 Nd7 7. h4 f6 8. h5 Bf7
9. f4 c5 10. Be3 Nh6 11. Ng3 cxd4 12. Bxd4 fxe5 13. Bxe5 Nxe5 14. fxe5 Qg5 15.
Bb5+ Kd8 16. O-O Bc5+ 17. Kg2 Nxg4 18. Nce4 Qh4 19. Qxg4 Qxg4 20. Nxc5 Ke7 21.
Nxb7 Rhf8 22. c4 Bxh5 23. cxd5 Rf3 24. Rxf3 Qxf3+ 25. Kh2 Qf2+ 26. Kh3 Bf3 27.
Bf1 g5 28. d6+ Kf7 29. Rc1 g4+ 30. Kh4 Qh2+ 31. Kg5 Rg8+ 0-1

[Event "GBR-ch90"]
[Site "Edinburgh"]
[Date "2003.07.26"]
[Round "6.12"]
[White "Turner, Matthew J"]
[Black "Muir, Andrew J"]
[Result "1-0"]
[WhiteElo "2519"]
[BlackElo "2316"]
[PlyCount "81"]
[EventDate "2003.07.21"]
[EventType "swiss"]
[EventRounds "11"]
[EventCountry "GBR"]
[SourceTitle "BritBase"]
[Source "John Saunders"]
[SourceDate "2008.07.14"]
[SourceVersion "1"]
[SourceVersionDate "2008.07.14"]
[SourceQuality "2"]

1. c4 e6 2. Nf3 Nf6 3. g3 d5 4. b3 Be7 5. Bg2 O-O 6. O-O c5 7. e3 Nc6 8. Bb2 d4
9. exd4 cxd4 10. Re1 Ne8 11. Na3 f6 12. Nh4 g5 13. Nf3 e5 14. h4 Bg4 15. Qb1
gxh4 16. Nxh4 f5 17. Bd5+ Kh8 18. Ng2 Bf6 19. f3 Bh3 20. Kh2 Bxg2 21. Kxg2 Qd7
22. Rh1 Ne7 23. Rh3 Nxd5 24. cxd5 Bg5 25. Nc4 Qxd5 26. Rh5 h6 27. Qh1 Kg7 28.
Rxg5+ hxg5 29. Qh5 Kg8 30. Qxg5+ Ng7 31. Re1 Rfe8 32. Ba3 Re6 33. Be7 b5 34.
Nxe5 Rc8 35. Bf6 Qb7 36. Nd7 Rxf6 37. Nxf6+ Kf7 38. Nd5 Re8 39. Qf6+ Kg8 40.
Rxe8+ Nxe8 41. Ne7+ 1-0

[Event "GBR-ch90"]
[Site "Edinburgh"]
[Date "2003.07.26"]
[Round "6.13"]
[White "Mannion, Stephen"]
[Black "Shaw, John Kerr"]
[Result "1-0"]
[WhiteElo "2339"]
[BlackElo "2480"]
[PlyCount "99"]
[EventDate "2003.07.21"]
[EventType "swiss"]
[EventRounds "11"]
[EventCountry "GBR"]
[SourceTitle "BritBase"]
[Source "John Saunders"]
[SourceDate "2008.07.14"]
[SourceVersion "1"]
[SourceVersionDate "2008.07.14"]
[SourceQuality "2"]

1. e4 e6 2. d4 d5 3. Nd2 c5 4. Ngf3 a6 5. c3 Nc6 6. Bd3 cxd4 7. cxd4 dxe4 8.
Nxe4 Be7 9. O-O Nf6 10. Nc3 O-O 11. a3 b5 12. Bg5 Bb7 13. Rc1 b4 14. axb4 Nxb4
15. Bb1 Qa5 16. Ne5 Rad8 17. Re1 Nc6 18. Qd3 g6 19. Bxf6 Bxf6 20. Qf3 Nxe5 21.
Qxf6 Nd7 22. Qe7 Rfe8 23. Qh4 Qb4 24. Be4 Bxe4 25. Nxe4 Kg7 26. Rcd1 Qxb2 27.
Re3 Qc2 28. Rde1 Rb8 29. Nd6 Rf8 30. Qe7 Qd2 31. Qxd7 Rbd8 32. Qe7 Qxd4 33. Ne4
a5 34. Ng5 Kg8 35. Nf3 Qd5 36. h4 a4 37. Qb4 Ra8 38. Ra3 Rfb8 39. Qe7 Re8 40.
Qg5 Qd6 41. Rea1 e5 42. Qd2 Qc6 43. Qa2 e4 44. Ng5 Re7 45. Rxa4 Rae8 46. Rxe4
Qf6 47. Rae1 h6 48. Rxe7 Rxe7 49. Rxe7 Qxe7 50. Nf3 1-0

[Event "GBR-ch90"]
[Site "Edinburgh"]
[Date "2003.07.26"]
[Round "6.14"]
[White "Mohota, Nisha"]
[Black "Sattar, Reefat Bin"]
[Result "0-1"]
[WhiteElo "2321"]
[BlackElo "2475"]
[PlyCount "80"]
[EventDate "2003.07.21"]
[EventType "swiss"]
[EventRounds "11"]
[EventCountry "GBR"]
[SourceTitle "BritBase"]
[Source "John Saunders"]
[SourceDate "2008.07.14"]
[SourceVersion "1"]
[SourceVersionDate "2008.07.14"]
[SourceQuality "2"]

1. d4 e6 2. c4 b6 3. a3 g6 4. Nc3 Bg7 5. e4 Ne7 6. Nf3 Bb7 7. Bd3 d6 8. h4 h6
9. Be3 Nd7 10. Qc2 Nf6 11. d5 Ng4 12. dxe6 fxe6 13. Bd2 O-O 14. Ne2 Nc6 15. Nf4
Qf6 16. Rh3 Nge5 17. Rg3 Nxf3+ 18. gxf3 Nd4 19. Qc3 Qxf4 20. Bxf4 Nxf3+ 21. Ke2
Bxc3 22. Rxg6+ Kf7 23. h5 Bxb2 24. Rb1 Ne5 25. Bxh6 Rh8 26. Rg7+ Kf6 27. Rxc7
Rxh6 28. Rxb2 Ba6 29. f4 Nxd3 30. Kxd3 Rxh5 31. Rg2 Rc8 32. Rcg7 Bxc4+ 33. Kd4
e5+ 34. fxe5+ dxe5+ 35. Ke3 Bf7 36. R7g4 Rh3+ 37. Kd2 Rxa3 38. Rf2+ Ke7 39. Rf5
Rh8 40. Rxe5+ Kd6 0-1

[Event "GBR-ch90"]
[Site "Edinburgh"]
[Date "2003.07.26"]
[Round "6.15"]
[White "Sundararajan, Kidambi"]
[Black "Greet, Andrew"]
[Result "1-0"]
[WhiteElo "2442"]
[BlackElo "2297"]
[PlyCount "73"]
[EventDate "2003.07.21"]
[EventType "swiss"]
[EventRounds "11"]
[EventCountry "GBR"]
[SourceTitle "BritBase"]
[Source "John Saunders"]
[SourceDate "2008.07.14"]
[SourceVersion "1"]
[SourceVersionDate "2008.07.14"]
[SourceQuality "2"]

1. d4 Nf6 2. c4 e6 3. Nc3 Bb4 4. e3 O-O 5. Bd3 d5 6. a3 Bxc3+ 7. bxc3 c5 8.
cxd5 exd5 9. Ne2 b6 10. O-O Ba6 11. f3 Re8 12. Ng3 Qc8 13. e4 cxd4 14. cxd4
dxe4 15. fxe4 Qc3 16. Bxa6 Nxa6 17. e5 Qxa1 18. exf6 Nc7 19. Nf5 g6 20. Nh6+
Kf8 21. Bf4 Qxa3 22. Qc1 Qb4 23. Qxc7 Qxd4+ 24. Kh1 Qxf6 25. Bd6+ Kg7 26. Bf8+
Kh8 27. Nxf7+ Kg8 28. Nh6+ Kh8 29. Qc4 Rxf8 30. Rxf6 Rxf6 31. Qd4 Raf8 32. g4
g5 33. h4 Kg7 34. hxg5 Kg6 35. gxf6 Kxh6 36. Qf4+ Kg6 37. Qf5+ 1-0

[Event "GBR-ch90"]
[Site "Edinburgh"]
[Date "2003.07.26"]
[Round "6.16"]
[White "McNab, Colin Anderson"]
[Black "Ghasi, Ameet"]
[Result "1/2-1/2"]
[WhiteElo "2395"]
[BlackElo "2305"]
[PlyCount "30"]
[EventDate "2003.07.21"]
[EventType "swiss"]
[EventRounds "11"]
[EventCountry "GBR"]
[SourceTitle "BritBase"]
[Source "John Saunders"]
[SourceDate "2008.07.14"]
[SourceVersion "1"]
[SourceVersionDate "2008.07.14"]
[SourceQuality "2"]

1. c4 Nf6 2. Nf3 g6 3. g3 Bg7 4. Bg2 O-O 5. O-O d6 6. d4 Nc6 7. d5 Na5 8. Nbd2
c5 9. e4 b5 10. cxb5 a6 11. b6 Qxb6 12. Rb1 c4 13. h3 Bd7 14. Re1 Rac8 15. Bf1
Qb4 1/2-1/2

[Event "GBR-ch90"]
[Site "Edinburgh"]
[Date "2003.07.26"]
[Round "6.17"]
[White "Singh, Gurpreetpal"]
[Black "Williams, Simon K"]
[Result "1-0"]
[WhiteElo "2293"]
[BlackElo "2381"]
[PlyCount "71"]
[EventDate "2003.07.21"]
[EventType "swiss"]
[EventRounds "11"]
[EventCountry "GBR"]
[SourceTitle "BritBase"]
[Source "John Saunders"]
[SourceDate "2008.07.14"]
[SourceVersion "1"]
[SourceVersionDate "2008.07.14"]
[SourceQuality "2"]

1. e4 c5 2. Nf3 d6 3. d4 Nf6 4. Nc3 cxd4 5. Nxd4 g6 6. Bg5 Bg7 7. Bb5+ Bd7 8.
Qe2 O-O 9. O-O-O h6 10. Bh4 Nc6 11. Bxc6 bxc6 12. e5 dxe5 13. Nxc6 Qe8 14. Nxe5
g5 15. Bg3 Bf5 16. Rhe1 Rc8 17. Qa6 e6 18. Re2 Nh5 19. Nd7 Nxg3 20. hxg3 Kh7
21. Ne4 Bxe4 22. Nxf8+ Qxf8 23. Rxe4 Rb8 24. c3 Qc5 25. Qd6 Qc8 26. Rb4 Ra8 27.
Kb1 a5 28. Rb6 a4 29. a3 Kg8 30. Qc6 Qf8 31. Rb7 Rc8 32. Rc7 Rb8 33. Qxa4 Be5
34. Rc4 Qg7 35. Ka2 Qf6 36. f4 1-0

[Event "GBR-ch90"]
[Site "Edinburgh"]
[Date "2003.07.26"]
[Round "6.19"]
[White "Thomas, Nicholas"]
[Black "Ansell, Simon T"]
[Result "0-1"]
[WhiteElo "2281"]
[BlackElo "2379"]
[PlyCount "104"]
[EventDate "2003.07.21"]
[EventType "swiss"]
[EventRounds "11"]
[EventCountry "GBR"]
[SourceTitle "BritBase"]
[Source "John Saunders"]
[SourceDate "2008.07.14"]
[SourceVersion "1"]
[SourceVersionDate "2008.07.14"]
[SourceQuality "2"]

1. e4 c5 2. Nc3 Nc6 3. g3 g6 4. Bg2 Bg7 5. d3 d6 6. f4 e6 7. Nf3 Nge7 8. O-O
O-O 9. Be3 b6 10. Bf2 Ba6 11. Re1 Qc7 12. Qd2 e5 13. Nh4 exf4 14. gxf4 Bb7 15.
f5 Nd4 16. Be3 Bf6 17. Qf2 Nxc2 18. Qxc2 Bxh4 19. Bh6 Bxe1 20. Rxe1 f6 21. Nb5
Qd7 22. Bxf8 Rxf8 23. Qb3+ Kg7 24. Nxa7 Nxf5 25. exf5 Bxg2 26. Kxg2 Qxa7 27.
Qe6 Rf7 28. Kf2 Qd7 29. Qxd7 Rxd7 30. Re8 b5 31. a3 Rb7 32. Rd8 b4 33. Rxd6
bxa3 34. bxa3 Rb2+ 35. Ke3 Rxh2 36. Rc6 Ra2 37. Rxc5 Rxa3 38. Rc7+ Kh6 39. Ke4
Ra1 40. Rf7 Re1+ 41. Kd4 Kg5 42. Rxh7 Kxf5 43. Kc5 Rc1+ 44. Kd5 g5 45. Rg7 g4
46. d4 Kf4 47. Kd6 f5 48. d5 g3 49. Ke6 Re1+ 50. Kf6 Rd1 51. Ke6 Kf3 52. d6 f4
0-1

[Event "GBR-ch90"]
[Site "Edinburgh"]
[Date "2003.07.26"]
[Round "6.20"]
[White "Woodward, Timothy"]
[Black "Howell, David W"]
[Result "1/2-1/2"]
[WhiteElo "2285"]
[BlackElo "2323"]
[PlyCount "37"]
[EventDate "2003.07.21"]
[EventType "swiss"]
[EventRounds "11"]
[EventCountry "GBR"]
[SourceTitle "BritBase"]
[Source "John Saunders"]
[SourceDate "2008.07.14"]
[SourceVersion "1"]
[SourceVersionDate "2008.07.14"]
[SourceQuality "2"]

1. Nf3 Nc6 2. d4 d5 3. Bf4 Bg4 4. e3 e6 5. c4 Bb4+ 6. Nc3 Nge7 7. Rc1 O-O 8. h3
Bh5 9. a3 Bd6 10. cxd5 exd5 11. Bxd6 Qxd6 12. Be2 f5 13. O-O f4 14. e4 Bxf3 15.
Bxf3 dxe4 16. Nxe4 Qxd4 17. Qxd4 Nxd4 18. Rxc7 Nec6 19. Rxb7 1/2-1/2

[Event "GBR-ch90"]
[Site "Edinburgh"]
[Date "2003.07.26"]
[Round "6.21"]
[White "Barua, Dibyendu"]
[Black "Nixon, Thomas"]
[Result "1/2-1/2"]
[WhiteElo "2561"]
[BlackElo "2226"]
[PlyCount "47"]
[EventDate "2003.07.21"]
[EventType "swiss"]
[EventRounds "11"]
[EventCountry "GBR"]
[SourceTitle "BritBase"]
[Source "John Saunders"]
[SourceDate "2008.07.14"]
[SourceVersion "1"]
[SourceVersionDate "2008.07.14"]
[SourceQuality "2"]

1. e4 e5 2. Nf3 Nc6 3. Bc4 Nf6 4. d3 Be7 5. O-O O-O 6. Re1 d6 7. a4 Be6 8. Nbd2
Nd7 9. a5 Bf6 10. Nf1 Nc5 11. Ng3 d5 12. exd5 Bxd5 13. Nd2 g6 14. Bxd5 Qxd5 15.
Nc4 Bg7 16. Bd2 f5 17. f3 Rae8 18. Bc3 b5 19. axb6 axb6 20. b3 Ne6 21. Qd2 Ned4
22. Kh1 h5 23. Nf1 Kh7 24. Rad1 1/2-1/2

[Event "GBR-ch90"]
[Site "Edinburgh"]
[Date "2003.07.26"]
[Round "6.22"]
[White "Martyn, Rafe"]
[Black "Hossain, Enamul"]
[Result "1/2-1/2"]
[WhiteElo "2266"]
[BlackElo "2452"]
[PlyCount "100"]
[EventDate "2003.07.21"]
[EventType "swiss"]
[EventRounds "11"]
[EventCountry "GBR"]
[SourceTitle "BritBase"]
[Source "John Saunders"]
[SourceDate "2008.07.14"]
[SourceVersion "1"]
[SourceVersionDate "2008.07.14"]
[SourceQuality "2"]

1. d4 Nf6 2. c4 g6 3. Nc3 d5 4. Bf4 Bg7 5. e3 c5 6. dxc5 Qa5 7. Rc1 dxc4 8.
Bxc4 O-O 9. Nge2 Nc6 10. O-O e5 11. Bg5 Qxc5 12. Qa4 Qa5 13. Qb3 Rb8 14. Bxf6
Bxf6 15. Ne4 Be7 16. Bxf7+ Rxf7 17. Rxc6 Kg7 18. Nd6 Bxd6 19. Rxd6 Bg4 20. Nc3
Rbf8 21. Qd5 Qxd5 22. Rxd5 Be6 23. Rd2 b5 24. a3 b4 25. axb4 Rb8 26. b5 Bc4 27.
Ra1 Bxb5 28. Ra5 a6 29. Nxb5 axb5 30. f3 Rc7 31. Kf2 Rbb7 32. e4 Rc4 33. Ra6 b4
34. Re6 Rc5 35. Red6 h5 36. R6d5 Rbc7 37. Rxc5 Rxc5 38. h4 Kf6 39. Ke3 Rc1 40.
Kd3 b3 41. Ke3 Rb1 42. Kf2 Ke6 43. Kg3 Ke7 44. Kh3 Rh1+ 45. Kg3 Rb1 46. Kf2 Ke6
47. g4 Rh1 48. Kg3 Rg1+ 49. Kf2 Rh1 50. Kg3 Rg1+ 1/2-1/2

[Event "GBR-ch90"]
[Site "Edinburgh"]
[Date "2003.07.26"]
[Round "6.23"]
[White "Broomfield, Matthew"]
[Black "Gwaze, Robert"]
[Result "0-1"]
[WhiteElo "2249"]
[BlackElo "2335"]
[PlyCount "74"]
[EventDate "2003.07.21"]
[EventType "swiss"]
[EventRounds "11"]
[EventCountry "GBR"]
[SourceTitle "BritBase"]
[Source "John Saunders"]
[SourceDate "2008.07.14"]
[SourceVersion "1"]
[SourceVersionDate "2008.07.14"]
[SourceQuality "2"]

1. d4 Nf6 2. Nf3 e6 3. c4 b6 4. a3 Bb7 5. Nc3 Be7 6. d5 exd5 7. cxd5 O-O 8. g3
Re8 9. Bg2 Bf8 10. O-O h6 11. Nd4 a6 12. e4 c5 13. Nf5 b5 14. Re1 d6 15. Bf4
Qc7 16. Rc1 Nbd7 17. b4 Kh7 18. a4 g6 19. bxc5 Nxc5 20. Nd4 b4 21. Na2 Qb6 22.
Rb1 a5 23. f3 Nxa4 24. Qxa4 Qxd4+ 25. Be3 Qe5 26. Bf4 Qe7 27. Bf1 Ba6 28. Bxa6
Qa7+ 29. Be3 Qxa6 30. Ra1 Reb8 31. Nc1 Bg7 32. Nb3 Qb5 33. Qxb5 Rxb5 34. Nd4
Rb7 35. Ra4 Nd7 36. Nb3 Rb5 37. Rc1 Bc3 0-1

[Event "GBR-ch90"]
[Site "Edinburgh"]
[Date "2003.07.26"]
[Round "6.24"]
[White "Webb, Laurence"]
[Black "Mitchell, Martin"]
[Result "1-0"]
[WhiteElo "2325"]
[BlackElo "2132"]
[PlyCount "45"]
[EventDate "2003.07.21"]
[EventType "swiss"]
[EventRounds "11"]
[EventCountry "GBR"]
[SourceTitle "BritBase"]
[Source "John Saunders"]
[SourceDate "2008.07.14"]
[SourceVersion "1"]
[SourceVersionDate "2008.07.14"]
[SourceQuality "2"]

1. e4 c5 2. Nf3 Nc6 3. Bb5 e6 4. Bxc6 bxc6 5. d3 Ne7 6. Nh4 g6 7. Qe2 Bg7 8.
O-O O-O 9. f4 d6 10. Nf3 f5 11. e5 d5 12. c4 a5 13. Nc3 a4 14. Qc2 Qa5 15. Bd2
Qa7 16. b3 a3 17. Na4 Ba6 18. Be3 d4 19. Bc1 Bb5 20. cxb5 cxb5 21. Nxc5 Rfc8
22. b4 Nd5 23. Qb3 1-0

[Event "GBR-ch90"]
[Site "Edinburgh"]
[Date "2003.07.26"]
[Round "6.25"]
[White "Pritchett, Craig"]
[Black "Rudd, Jack"]
[Result "1/2-1/2"]
[WhiteElo "2314"]
[BlackElo "2219"]
[PlyCount "59"]
[EventDate "2003.07.21"]
[EventType "swiss"]
[EventRounds "11"]
[EventCountry "GBR"]
[SourceTitle "BritBase"]
[Source "John Saunders"]
[SourceDate "2008.07.14"]
[SourceVersion "1"]
[SourceVersionDate "2008.07.14"]
[SourceQuality "2"]

1. c4 Nf6 2. Nf3 c5 3. Nc3 Nc6 4. d4 cxd4 5. Nxd4 g6 6. e4 d6 7. Be2 Bg7 8. Be3
O-O 9. f3 Bd7 10. Qd2 a6 11. O-O Rc8 12. Rfd1 Nxd4 13. Bxd4 Bc6 14. Rac1 Nd7
15. b4 b6 16. Bxg7 Kxg7 17. Qd4+ Kg8 18. f4 Qc7 19. h4 Rfd8 20. h5 Nf6 21. hxg6
hxg6 22. Qe3 Qb7 23. Bf3 b5 24. Nd5 bxc4 25. Nxf6+ exf6 26. Rxc4 f5 27. exf5
Bxf3 28. Rxc8 Qxc8 29. Qxf3 Qxf5 30. a3 1/2-1/2

[Event "GBR-ch90"]
[Site "Edinburgh"]
[Date "2003.07.26"]
[Round "6.26"]
[White "Redpath, Joseph"]
[Black "Ahmed, Sk. Nasir"]
[Result "1-0"]
[WhiteElo "2194"]
[BlackElo "2283"]
[PlyCount "105"]
[EventDate "2003.07.21"]
[EventType "swiss"]
[EventRounds "11"]
[EventCountry "GBR"]
[SourceTitle "BritBase"]
[Source "John Saunders"]
[SourceDate "2008.07.14"]
[SourceVersion "1"]
[SourceVersionDate "2008.07.14"]
[SourceQuality "2"]

1. d4 Nf6 2. Nf3 e6 3. e3 b6 4. Bd3 Bb7 5. O-O c5 6. c4 Be7 7. Nc3 O-O 8. d5
exd5 9. cxd5 d6 10. e4 Nbd7 11. Bf4 Ng4 12. Bg3 Nge5 13. Nxe5 Nxe5 14. Be2 Bh4
15. Bxh4 Qxh4 16. f4 Nd7 17. g3 Qe7 18. Bf3 Ba6 19. Re1 b5 20. Qe2 c4 21. b4
Nb6 22. Rad1 Na4 23. Nxa4 bxa4 24. Qb2 Qc7 25. Qc3 Bb5 26. Rd4 f6 27. Kg2 a5
28. Rb1 Rfc8 29. a3 Ba6 30. b5 Rab8 31. Bg4 Bxb5 32. Bxc8 Qxc8 33. Qxa5 Qc5 34.
Qc3 Rb6 35. Rd2 Ba6 36. Rxb6 Qxb6 37. Qd4 Qc7 38. Rc2 Kf7 39. Rc3 Qb8 40. Re3
c3 41. Qxc3 Qb1 42. Qe1 Qb2+ 43. Qf2 Qc1 44. Re1 Qc4 45. Qa7+ Kg6 46. f5+ Kh6
47. Qe3+ g5 48. h4 Qc2+ 49. Qf2 Qxf2+ 50. Kxf2 g4 51. Rc1 Kh5 52. Rc6 Bd3 53.
Rxd6 1-0

[Event "GBR-ch90"]
[Site "Edinburgh"]
[Date "2003.07.26"]
[Round "6.27"]
[White "Radovanovic, Jovica"]
[Black "Addison, Bret C"]
[Result "0-1"]
[WhiteElo "2239"]
[BlackElo "2251"]
[PlyCount "76"]
[EventDate "2003.07.21"]
[EventType "swiss"]
[EventRounds "11"]
[EventCountry "GBR"]
[SourceTitle "BritBase"]
[Source "John Saunders"]
[SourceDate "2008.07.14"]
[SourceVersion "1"]
[SourceVersionDate "2008.07.14"]
[SourceQuality "2"]

1. e4 e5 2. Nf3 Nc6 3. Bb5 a6 4. Ba4 Nf6 5. O-O Be7 6. Re1 b5 7. Bb3 O-O 8. a4
Bb7 9. d3 d6 10. c3 Na5 11. Bc2 c5 12. Nbd2 Nc6 13. Nf1 b4 14. Ng3 Bc8 15. h3
Rb8 16. d4 Qc7 17. d5 Na5 18. Nh2 c4 19. cxb4 Rxb4 20. Ra3 Bd7 21. Nh5 Nxh5 22.
Qxh5 Nb3 23. Bxb3 Rxb3 24. Re3 Rfb8 25. Nf1 Rxa3 26. Rxa3 Rb3 27. Ra2 g6 28.
Qd1 f5 29. Nd2 Rd3 30. f3 Qc5+ 31. Kh2 Bg5 32. Ra3 Bf4+ 33. Kh1 fxe4 34. fxe4
Qd4 35. Rxd3 Qxd3 36. a5 Bxh3 37. gxh3 Qxh3+ 38. Kg1 Be3# 0-1

[Event "GBR-ch90"]
[Site "Edinburgh"]
[Date "2003.07.26"]
[Round "6.28"]
[White "Ashton, Adam"]
[Black "Hanley, Craig A"]
[Result "1/2-1/2"]
[WhiteElo "2234"]
[BlackElo "2387"]
[PlyCount "87"]
[EventDate "2003.07.21"]
[EventType "swiss"]
[EventRounds "11"]
[EventCountry "GBR"]
[SourceTitle "BritBase"]
[Source "John Saunders"]
[SourceDate "2008.07.14"]
[SourceVersion "1"]
[SourceVersionDate "2008.07.14"]
[SourceQuality "2"]

1. e4 d5 2. exd5 Qxd5 3. Nf3 Nf6 4. d4 Bg4 5. Be2 Qd8 6. c4 g6 7. h3 Bxf3 8.
Bxf3 c6 9. O-O Bg7 10. Nc3 O-O 11. Bf4 Ne8 12. d5 cxd5 13. Qb3 e5 14. Qxb7 Nd7
15. Bg5 Nd6 16. Qxd5 Qxg5 17. Qxd6 Rad8 18. Rad1 Nb6 19. Qc7 Rc8 20. Qxa7 Nxc4
21. Ne4 Qf4 22. b3 Nb2 23. Rd7 Rc1 24. Qe3 Rxf1+ 25. Kxf1 Rc8 26. Qxf4 exf4 27.
Rd2 f5 28. Nd6 Rc1+ 29. Ke2 Bc3 30. Nc4 Nxc4 31. Rd8+ Kg7 32. bxc4 Rc2+ 33. Kd1
Rxa2 34. c5 Be5 35. c6 Ra7 36. Kc2 Re7 37. Kb3 Bc7 38. Rd1 g5 39. Kc4 Kg6 40.
Kc5 Re5+ 41. Kc4 Re7 42. Kc5 Re5+ 43. Kc4 Re7 44. Kc5 1/2-1/2